[Event "Isola di Capo Rizzuto op"]
[Site "Isola di Capo Rizzuto"]
[Date "2014.07.13"]
[Round "7"]
[White "Proietto, Francesco"]
[Black "Galardo, Emanuele"]
[Result "1-0"]
[WhiteElo "1613"]
[BlackElo "1423"]
[PlyCount "121"]
[EventDate "2014.07.07"]
[EventType "swiss"]
[EventRounds "7"]
[EventCountry "ITA"]
[SourceTitle "EXT 2024"]
[Source "ChessBase"]
[SourceDate "2023.10.10"]
[SourceVersion "1"]
[SourceVersionDate "2023.10.10"]
[SourceQuality "1"]

1. e4 e5 2. f4 Nc6 3. Nf3 f6 4. Bc4 Nge7 5. 0-0 d5 6. exd5 Nxd5 7. fxe5 Bg4 8. exf6 Nxf6 9. Nc3 Bxf3 10. Qxf3 Qd4+ 11. Qe3+ Qxe3+ 12. dxe3 0-0-0 13. e4 Bc5+ 14. Kh1 Rhe8 15. Bg5 Be7 16. a4 Nh5 17. Bxe7 Rxe7 18. Rad1 Rxd1 19. Rxd1 a6 20. g3 Nf6 21. Re1 Ne5 22. Ba2 c6 23. Kg2 Ng6 24. h3 b5 25. axb5 axb5 26. g4 h6 27. b4 Kb7 28. Kg3 Ne5 29. Nd1 Kb6 30. Nf2 g5 31. Nd3 Nfd7 32. Nxe5 Rxe5 33. Bf7 c5 34. c3 Nb8 35. bxc5+ Kxc5 36. h4 Nc6 37. hxg5 hxg5 38. Kf3 b4 39. cxb4+ Nxb4 40. Rd1 Na6 41. Rd5+ Rxd5 42. exd5 Kd6 43. Ke4 Ke7 44. Be6 Kf6 45. Bf5 Nb8 46. d6 Na6 47. d7 Nc5+ 48. Kd5 Nxd7 49. Bxd7 Kg6 50. Ke5 Kg7 51. Kf5 Kh6 52. Kf6 Kh7 53. Kxg5 Kg7 54. Bc8 Kg8 55. Kg6 Kf8 56. Kh7 Kf7 57. g5 Kf8 58. g6 Ke7 59. g7 Kf7 60. g8Q+ Kf6 61. Qd5 1-0

[Event "Calabria Province-ch"]
[Site "Crotone"]
[Date "2012.12.29"]
[Round "3"]
[White "Galardo, Emanuele"]
[Black "Proietto, Francesco"]
[Result "0-1"]
[WhiteElo "1377"]
[BlackElo "1640"]
[PlyCount "74"]
[EventDate "2012.12.28"]
[EventType "swiss"]
[EventRounds "5"]
[EventCountry "ITA"]
[SourceTitle "EXT 2024"]
[Source "ChessBase"]
[SourceDate "2023.10.10"]
[SourceVersion "1"]
[SourceVersionDate "2023.10.10"]
[SourceQuality "1"]

1. e4 c5 2. Nf3 d6 3. Bb5+ Bd7 4. Bxd7+ Qxd7 5. 0-0 e6 6. Nc3 Nf6 7. d3 Be7 8. h3 h6 9. Be3 0-0 10. Qd2 d5 11. e5 d4 12. exf6 dxe3 13. fxe3 Bxf6 14. Rad1 Rd8 15. e4 Nc6 16. Rfe1 e5 17. Nd5 Qd6 18. Nxf6+ Qxf6 19. Rf1 Qe6 20. b3 b6 21. Qf2 Rd7 22. c3 Rad8 23. Qe2 Rd6 24. Rd2 Qc8 25. Rfd1 Qa6 26. c4 b5 27. cxb5 Qxb5 28. Ne1 Nd4 29. Qe3 a5 30. Nf3 Nxf3+ 31. Qxf3 a4 32. bxa4 Qxa4 33. Qg3 f6 34. Qf2 Qa5 35. a4 c4 36. dxc4 Rxd2 37. Rxd2 Qxd2 0-1

[Event "Calabria Province-ch"]
[Site "Cutro"]
[Date "2012.02.26"]
[Round "5"]
[White "Proietto, Francesco"]
[Black "Grillo, Gianluca"]
[Result "0-1"]
[WhiteElo "1419"]
[BlackElo "1308"]
[PlyCount "88"]
[EventDate "2012.02.24"]
[EventType "swiss"]
[EventRounds "5"]
[EventCountry "ITA"]
[SourceTitle "EXT 2024"]
[Source "ChessBase"]
[SourceDate "2023.10.10"]
[SourceVersion "1"]
[SourceVersionDate "2023.10.10"]
[SourceQuality "1"]

1. d4 Nf6 2. c4 d5 3. Nc3 g6 4. Nf3 Bg7 5. e3 0-0 6. Bd3 Be6 7. b3 Nc6 8. Bd2 Nb4 9. Bb1 dxc4 10. bxc4 Bxc4 11. Qa4 a5 12. a3 Nd3+ 13. Bxd3 Bxd3 14. Ne5 Bf5 15. 0-0 Ne4 16. Nf3 Nxd2 17. Nxd2 e5 18. Nf3 e4 19. Nd2 c6 20. Ncxe4 b5 21. Qd1 b4 22. axb4 axb4 23. g4 Bxe4 24. Nxe4 Qd5 25. Qd3 b3 26. Rab1 Ra3 27. g5 Rb8 28. Rb2 Ra2 29. Nc3 Qxg5+ 30. Kh1 Rxb2 31. Na4 Ra2 32. Nc3 Ra3 33. Nb1 Ra1 34. e4 b2 35. d5 cxd5 36. exd5 Be5 37. d6 Rd8 38. d7 Qf5 39. Qd1 Rxd7 40. Qe1 Rxb1 41. Qxb1 Qxb1 42. Rxb1 Rd2 43. Kg1 Bd4 44. Kf1 Bxf2 0-1

[Event "Calabria Province-ch"]
[Site "Cutro"]
[Date "2012.02.24"]
[Round "1"]
[White "Proietto, Francesco"]
[Black "Manfredi, Candido"]
[Result "0-1"]
[WhiteElo "1419"]
[BlackElo "1713"]
[PlyCount "48"]
[EventDate "2012.02.24"]
[EventType "swiss"]
[EventRounds "5"]
[EventCountry "ITA"]
[SourceTitle "EXT 2024"]
[Source "ChessBase"]
[SourceDate "2023.10.10"]
[SourceVersion "1"]
[SourceVersionDate "2023.10.10"]
[SourceQuality "1"]

1. d4 c5 2. c3 c4 3. e3 d5 4. Nf3 Nf6 5. Be2 e6 6. 0-0 Bd6 7. Nbd2 0-0 8. b3 b5 9. a4 Bd7 10. axb5 Bxb5 11. bxc4 dxc4 12. Bxc4 Bc6 13. Re1 Nbd7 14. Bd3 e5 15. Nc4 Bc7 16. Ba3 e4 17. Bxf8 Nxf8 18. Be2 exf3 19. Bxf3 Bd5 20. Qe2 Ne4 21. Qd3 Bxh2+ 22. Kxh2 Qh4+ 23. Kg1 Qxf2+ 24. Kh1 Ng3+ 0-1

[Event "Amantea U16"]
[Site "Amantea"]
[Date "2011.09.07"]
[Round "4"]
[White "Proietto, Francesco"]
[Black "Mazzotta, Giuseppe Antonio"]
[Result "1-0"]
[WhiteElo "1461"]
[BlackElo "1338"]
[PlyCount "91"]
[EventDate "2011.09.04"]
[EventType "swiss"]
[EventRounds "8"]
[EventCountry "ITA"]
[SourceTitle "EXT 2014"]
[Source "ChessBase"]
[SourceDate "2013.11.20"]
[SourceVersion "1"]
[SourceVersionDate "2013.11.20"]
[SourceQuality "1"]

1. Nf3 d5 2. d4 Nf6 3. Nc3 Bf5 4. e3 Nc6 5. Bb5 a6 6. Bxc6+ bxc6 7. 0-0 e6 8. Bd2 c5 9. Re1 Bd6 10. Nh4 Ne4 11. Nxf5 exf5 12. Nxe4 fxe4 13. c3 0-0 14. Rc1 a5 15. c4 c6 16. cxd5 cxd5 17. dxc5 Be5 18. Bc3 Qc7 19. g3 Bxc3 20. Rxc3 Rfd8 21. c6 h6 22. Re2 Rac8 23. Rec2 Rd6 24. Qc1 f6 25. a3 g6 26. b4 axb4 27. axb4 Rb8 28. Rb3 Rb6 29. b5 g5 30. h4 f5 31. h5 Re6 32. Rc5 Re5 33. Qd1 Qd6 34. Qd4 Kf7 35. c7 Rb8 36. cxb8Q Qxb8 37. Rxd5 Rxd5 38. Qxd5+ Kf6 39. b6 Qe8 40. b7 f4 41. gxf4 gxf4 42. exf4 Qb8 43. Qxe4 Qg8+ 44. Qg6+ Qxg6+ 45. hxg6 Kxg6 46. b8Q 1-0

[Event "Crotone Marzo op"]
[Site "Crotone"]
[Date "2011.06.19"]
[Round "4"]
[White "Scerra, Ezio"]
[Black "Proietto, Francesco"]
[Result "1-0"]
[WhiteElo "1509"]
[BlackElo "1431"]
[PlyCount "51"]
[EventDate "2011.06.17"]
[EventType "swiss"]
[EventRounds "5"]
[EventCountry "ITA"]
[SourceTitle "EXT 2024"]
[Source "ChessBase"]
[SourceDate "2023.10.10"]
[SourceVersion "1"]
[SourceVersionDate "2023.10.10"]
[SourceQuality "1"]

1. Nf3 d5 2. c4 Nf6 3. cxd5 Nxd5 4. e3 Bg4 5. Be2 Bxf3 6. Bxf3 e6 7. 0-0 Bd6 8. d4 0-0 9. e4 Bf4 10. exd5 Bxc1 11. dxe6 Bxb2 12. exf7+ Rxf7 13. Bxb7 Nd7 14. Bd5 Bxa1 15. Bxf7+ Kxf7 16. Nc3 Bxc3 17. Qb3+ Kf8 18. Qxc3 Rc8 19. Qa3+ c5 20. dxc5 Nxc5 21. g3 a6 22. Rc1 Qe7 23. h4 Nd3 24. Rxc8+ Kf7 25. Qxd3 Qb7 26. Qf5+ 1-0